01557nam a2200397Ic 450000100060000000300100000600500170001600700030003300800410003602000180007704000350009504100080013008200160013810000220015424501560017625000450033226400390037730000180041633600270043433700330046133800280049449000110052250000490053350000550058252100380063760000610067565000450073665000410078165000650082265500390088770000350092670000380096194200120099999900170101195201310102858745CO-BoRNBP20250827213429.0ta180815s2017 ck g 000 0 spa  a9789588639987 aCO-BoRNBPbspaerdacCO-BoRNBP aspa04a306.4bE16e aEco, Umbertoeaut10aDe la estupidez a la locura :bcómo vivir en un momento sin rumbo /cUmberto Eco ; traducción de Helena Lozano Miralles y Maria Pons Irazazábal. aPrimera ediciónbtercera reimpresión 1aBogotá, Colombia :bLumen,c2017 a497 páginas atextobtxt2rdacontent asin mediaciónbn2rdamedia avolumenbnc2rdacarrier0 aEnsayo aIncluye bibliografía en páginas 495-497 aIncluye datos biográficos del autor en la solapa aRecomendado para público adulto17aEco, Umberto,d1932-2016xColecciones de escritos96390504aEnsayos italianosySiglo XX2LEMB96249807aHistoria socialzItalia2lemb96390607aHumorismo italianovEnsayos, conferencias, etc.2lemb963907 aEnsayos, conferencias, etc.962990 aLozano Miralles, Helena963908 aPons Irazazábal, María963909 2ddccBK c58745d58745 00102ddc40708GENaMEMAPJGAbMEMAPJGAcGENd2025-08-27l0o306.4 E16epMPJG00632r2025-08-27 21:34:58tEj.1w2025-08-27yBK